Contos de Natal (Record no. 45697)

MARC details
000 -Etiqueta do registo
Valores 00397nam a2200169 4500
100 ## - Dados gerais de processamento
Dados gerais 20260219 pory50
101 ## - Língua de publicação
Língua por
102 ## - País de publicação
País PT
200 ## - Titulo e menção de responsabilidade
Título próprio Contos de Natal
Primeira menção de responsabilidade Domingos Monteiro
205 ## - Menção da edição
Edição 2.ª ed.
210 ## - Publicação
Local de publicação Lisboa
Nome do editor Sociedade de Expansão Cultural
Data de publicação 1974
215 ## - Descrição física 
Paginação / Volumes 117, [3] p.
Outras indicações físicas il.
675 ## - CDU
Notação 82-93
801 ## - Fonte de origem
País PT
Regras de catalogação RPC
990 ## - Elementos KOHA
Tipo de documento Livro
Holdings
Aquisição Empréstimo Código de barras Cota Permissão de empréstimo Tipo de documento
Biblioteca do Centro Escolar de Montoito Biblioteca do Centro Escolar de Montoito 82335 82-93 MON LIT. INF. JUV.   Livro

Powered by Koha